[Event "FRM-chT 22nd"]
[Site "Struga"]
[Date "2013.08.04"]
[Round "7.4"]
[White "Simjanovski, Saso"]
[Black "Ermenkov, Evgenij"]
[Result "1/2-1/2"]
[WhiteElo "2239"]
[BlackElo "2423"]
[PlyCount "42"]
[EventDate "2013.07.29"]
[EventType "team-tourn"]
[EventRounds "7"]
[EventCountry "MKD"]
[SourceTitle "CBM 155 Extra"]
[Source "ChessBase"]
[SourceDate "2013.08.26"]
[SourceVersion "1"]
[SourceVersionDate "2013.08.26"]
[SourceQuality "1"]
[WhiteTeam "Skopje Kisela Voda"]
[BlackTeam "Kochani"]
[WhiteTeamCountry "MKD"]
[BlackTeamCountry "MKD"]

1. e4 c5 2. Nf3 Nc6 3. d4 cxd4 4. Nxd4 Nf6 5. Nc3 d6 6. h3 e5 7. Nde2 Be6 8. f4 d5 9. f5 Bc8 10. exd5 Nb4 11. Ng3 Nbxd5 12. Nxd5 Qxd5 13. Qxd5 Nxd5 14. Bc4 Nb6 15. Bb3 Bd7 16. Be3 Bc6 17. 0-0-0 Be7 18. Nh5 0-0 19. f6 gxf6 20. Rhf1 Kh8 21. g4 Rfd8 1/2-1/2

[Event "FRM-chT 22nd"]
[Site "Struga"]
[Date "2013.08.03"]
[Round "6.4"]
[White "Pancevski, Filip"]
[Black "Simjanovski, Saso"]
[Result "1-0"]
[WhiteElo "2506"]
[BlackElo "2239"]
[PlyCount "53"]
[EventDate "2013.07.29"]
[EventType "team-tourn"]
[EventRounds "7"]
[EventCountry "MKD"]
[SourceTitle "CBM 155 Extra"]
[Source "ChessBase"]
[SourceDate "2013.08.26"]
[SourceVersion "1"]
[SourceVersionDate "2013.08.26"]
[SourceQuality "1"]
[WhiteTeam "Skopje Alkaloid"]
[BlackTeam "Skopje Kisela Voda"]
[WhiteTeamCountry "MKD"]
[BlackTeamCountry "MKD"]

1. e4 g6 2. d4 d6 3. Nc3 Bg7 4. Be3 c6 5. a4 Nf6 6. h3 Nbd7 7. g4 e5 8. Bg2 0-0 9. Nge2 d5 10. exd5 Nxd5 11. Nxd5 cxd5 12. dxe5 Nxe5 13. Qxd5 Qc7 14. Qc5 Nc6 15. Nd4 Bd7 16. 0-0 a6 17. Rad1 Rac8 18. Nxc6 Bxc6 19. Bxc6 bxc6 20. Bd4 Bxd4 21. Rxd4 Rfe8 22. Rfd1 Rf8 23. Rd6 Qb7 24. b3 Rc7 25. Rd8 Rxd8 26. Rxd8+ Kg7 27. g5 1-0

[Event "Skopje Karposh op"]
[Site "Skopje"]
[Date "2012.04.13"]
[Round "8"]
[White "Simjanovski, Saso"]
[Black "Andrejic, Vladica"]
[Result "1/2-1/2"]
[WhiteElo "2288"]
[BlackElo "2164"]
[PlyCount "126"]
[EventDate "2012.04.07"]
[EventType "swiss"]
[EventRounds "9"]
[EventCountry "MKD"]
[SourceTitle "CBM 147 Extra"]
[Source "ChessBase"]
[SourceDate "2012.04.24"]
[SourceVersion "1"]
[SourceVersionDate "2012.04.24"]
[SourceQuality "1"]

1. e4 c5 2. Nf3 e6 3. d4 cxd4 4. Nxd4 Nc6 5. Nc3 Qc7 6. g3 a6 7. Bg2 Nf6 8. 0-0 Nxd4 9. Qxd4 Bc5 10. Qd1 0-0 11. Bf4 d6 12. Na4 e5 13. Bg5 Nd7 14. Nxc5 Nxc5 15. Qd2 h6 16. Be3 b5 17. Rad1 Rd8 18. b4 Na4 19. f4 Bb7 20. Qf2 f6 21. Rd2 Qc4 22. fxe5 fxe5 23. Bxh6 Rf8 24. Qe3 Rxf1+ 25. Bxf1 Qxe4 26. Qxe4 Bxe4 27. Bg5 d5 28. Bh3 Nc3 29. Be7 Re8 30. Bd6 Kf7 31. Bd7 Rd8 32. Bxe5 Nxa2 33. Rf2+ Kg6 34. Be6 Nxb4 35. Rf4 Nc6 36. Bf7+ Kh6 37. Rh4+ Kg5 38. Bxg7 Bg6 39. Bh6+ Kf6 40. Rf4+ Bf5 41. Bh5 Rh8 42. Bg4 Ne7 43. Bxf5 Nxf5 44. g4 Rxh6 45. Rxf5+ Ke6 46. Rf8 Rg6 47. h3 d4 48. Kg2 Kd5 49. Kf3 a5 50. Ra8 a4 51. h4 Rf6+ 52. Kg3 Rf7 53. h5 Ke5 54. Rb8 Ra7 55. Rxb5+ Kf6 56. g5+ Kg7 57. Kf4 a3 58. Rb1 Ra5 59. h6+ Kg6 60. Ke4 Ra4 61. Kd5 Kh7 62. Kc5 Kg6 63. Kb5 Ra7 1/2-1/2

[Event "Skopje Karposh op"]
[Site "Skopje"]
[Date "2012.04.07"]
[Round "1"]
[White "Nikolovska, Dragana"]
[Black "Simjanovski, Saso"]
[Result "0-1"]
[WhiteElo "1773"]
[BlackElo "2288"]
[PlyCount "52"]
[EventDate "2012.04.07"]
[EventType "swiss"]
[EventRounds "9"]
[EventCountry "MKD"]
[SourceTitle "CBM 147 Extra"]
[Source "ChessBase"]
[SourceDate "2012.04.24"]
[SourceVersion "1"]
[SourceVersionDate "2012.04.24"]
[SourceQuality "1"]

1. e4 g6 2. d4 Bg7 3. Nc3 c6 4. Nf3 d6 5. Bc4 Nf6 6. Bg5 b5 7. Bd3 0-0 8. Qd2 Bg4 9. 0-0-0 d5 10. e5 b4 11. exf6 bxc3 12. Qxc3 exf6 13. Bf4 Qb6 14. Rde1 Nd7 15. h3 Bxf3 16. gxf3 Rfe8 17. h4 f5 18. Be5 Nxe5 19. dxe5 c5 20. f4 Rab8 21. h5 c4 22. Be2 d4 23. Qxc4 Qxb2+ 24. Kd1 Rec8 25. Qd3 Rc3 26. Qd2 Qb1+ 0-1

[Event "FRM-chT 20th"]
[Site "Struga"]
[Date "2011.08.14"]
[Round "7"]
[White "Simjanovski, Saso"]
[Black "Pancevski, Filip"]
[Result "1-0"]
[WhiteElo "2262"]
[BlackElo "2410"]
[PlyCount "83"]
[EventDate "2011.08.08"]
[EventType "team-tourn"]
[EventRounds "7"]
[EventCountry "MKD"]
[SourceTitle "CBM 143 Extra"]
[Source "ChessBase"]
[SourceDate "2011.08.29"]
[SourceVersion "1"]
[SourceVersionDate "2011.08.29"]
[SourceQuality "1"]
[WhiteTeam "Skopje Kisela Voda"]
[BlackTeam "Skopje Alkaloid"]
[WhiteTeamCountry "MKD"]
[BlackTeamCountry "MKD"]

1. Nf3 g6 2. e4 Bg7 3. d4 d5 4. exd5 Qxd5 5. Nc3 Qd8 6. Bc4 Nf6 7. 0-0 0-0 8. Ne5 Nbd7 9. Bg5 Nb6 10. Bb3 a5 11. a4 c6 12. Re1 Nbd5 13. Qd2 Re8 14. Bh6 Bh8 15. Rad1 Be6 16. Ne4 Nxe4 17. Rxe4 Qc8 18. Rh4 Nf6 19. Bxe6 Qxe6 20. Re1 Qd5 21. c4 Qd8 22. Bg5 Bg7 23. Qe3 Qb6 24. b3 Rad8 25. h3 Qb4 26. Re2 Qa3 27. Kh2 Rd6 28. Bh6 Bh8 29. Qf3 Qa1 30. Bd2 Qd1 31. Nxf7 Rd7 32. Nxh8 Kxh8 33. Bh6 Kg8 34. Rf4 Red8 35. Rxf6 exf6 36. Re8+ Rxe8 37. Qxd1 Re4 38. Qf3 f5 39. Qg3 Re8 40. d5 cxd5 41. cxd5 Kf7 42. Qc3 1-0

[Event "Skopje Karposh op"]
[Site "Skopje"]
[Date "2011.04.05"]
[Round "5"]
[White "Mitkov, Marjan"]
[Black "Simjanovski, Saso"]
[Result "1/2-1/2"]
[WhiteElo "2401"]
[BlackElo "2253"]
[PlyCount "30"]
[EventDate "2011.04.02"]
[EventType "swiss"]
[EventRounds "9"]
[EventCountry "MKD"]
[SourceTitle "CBM 141 Extra"]
[Source "ChessBase"]
[SourceDate "2011.05.03"]
[SourceVersion "1"]
[SourceVersionDate "2011.05.03"]
[SourceQuality "1"]

1. d4 g6 2. c4 Bg7 3. Nc3 d6 4. e4 Nc6 5. d5 Nd4 6. Be3 c5 7. Nge2 Qb6 8. Qd2 Bg4 9. h3 Bxe2 10. Bxe2 Nxe2 11. Qxe2 Bxc3+ 12. bxc3 Nf6 13. 0-0 Nd7 14. f4 Qa6 15. e5 0-0-0 1/2-1/2

[Event "Skopje op"]
[Site "Skopje"]
[Date "2011.03.27"]
[Round "9"]
[White "Simjanovski, Saso"]
[Black "Menkinoski, Riste"]
[Result "1-0"]
[WhiteElo "2253"]
[BlackElo "2298"]
[PlyCount "90"]
[EventDate "2011.03.19"]
[EventType "swiss"]
[EventRounds "9"]
[EventCountry "MKD"]
[SourceTitle "CBM 141 Extra"]
[Source "ChessBase"]
[SourceDate "2011.05.03"]
[SourceVersion "1"]
[SourceVersionDate "2011.05.03"]
[SourceQuality "1"]

1. g3 Nf6 2. Bg2 e5 3. d3 d5 4. Nf3 Bd6 5. Nc3 c6 6. Bg5 h6 7. Bxf6 Qxf6 8. e4 d4 9. Ne2 Bg4 10. Nd2 0-0 11. f3 Be6 12. 0-0 Nd7 13. a3 Qe7 14. Rf2 c5 15. Qf1 b5 16. Bh3 Rac8 17. b3 Nb6 18. f4 f6 19. Nf3 c4 20. Nh4 Qd7 21. Bxe6+ Qxe6 22. Nf5 cxd3 23. cxd3 Nd7 24. Qd1 Kh7 25. a4 b4 26. Rb1 Rfe8 27. g4 Bf8 28. Rg2 g6 29. Nh4 g5 30. fxg5 fxg5 31. Nf5 Bg7 32. h4 gxh4 33. Qd2 Nf8 34. g5 Ng6 35. Rf1 Bf8 36. gxh6 Rc3 37. Nxc3 dxc3 38. Qg5 h3 39. Rg3 Nf4 40. Ng7 Ne2+ 41. Kf2 Nxg3 42. Nxe6 Bxh6 43. Qxg3 Rxe6 44. Qxh3 Rf6+ 45. Ke2 c2 1-0

[Event "Skopje op"]
[Site "Skopje"]
[Date "2011.03.23"]
[Round "5"]
[White "Simjanovski, Saso"]
[Black "Danchevski, Orce"]
[Result "1/2-1/2"]
[WhiteElo "2253"]
[BlackElo "2400"]
[PlyCount "40"]
[EventDate "2011.03.19"]
[EventType "swiss"]
[EventRounds "9"]
[EventCountry "MKD"]
[SourceTitle "CBM 141 Extra"]
[Source "ChessBase"]
[SourceDate "2011.05.03"]
[SourceVersion "1"]
[SourceVersionDate "2011.05.03"]
[SourceQuality "1"]

1. Nf3 Nf6 2. g3 b6 3. Bg2 Bb7 4. 0-0 e6 5. d3 d5 6. Nbd2 c5 7. e4 Be7 8. Re1 Nc6 9. c3 Qc7 10. Nf1 dxe4 11. dxe4 Rd8 12. Qa4 h6 13. h4 e5 14. Ne3 0-0 15. Nf5 Rfe8 16. Bxh6 gxh6 17. Nxh6+ Kg7 18. Nf5+ Kg8 19. Nh6+ Kg7 20. Nf5+ Kg8 1/2-1/2

[Event "Skopje op"]
[Site "Skopje"]
[Date "2011.03.20"]
[Round "2"]
[White "Kostadinovski, Zoran"]
[Black "Simjanovski, Saso"]
[Result "0-1"]
[WhiteElo "2012"]
[BlackElo "2253"]
[PlyCount "82"]
[EventDate "2011.03.19"]
[EventType "swiss"]
[EventRounds "9"]
[EventCountry "MKD"]
[SourceTitle "CBM 141 Extra"]
[Source "ChessBase"]
[SourceDate "2011.05.03"]
[SourceVersion "1"]
[SourceVersionDate "2011.05.03"]
[SourceQuality "1"]

1. c4 d6 2. Nc3 g6 3. e4 e5 4. d3 Bg7 5. h3 Nd7 6. Nf3 Ne7 7. Bg5 h6 8. Be3 f5 9. Qc2 0-0 10. Be2 c6 11. Rd1 f4 12. Bc1 c5 13. b3 Nc6 14. Nb5 Nf6 15. 0-0 a6 16. Nc3 Nd4 17. Nxd4 exd4 18. Nb1 g5 19. Rfe1 Nd7 20. Bh5 Ne5 21. f3 Be6 22. Nd2 Bf7 23. Bxf7+ Rxf7 24. Kf1 Qd7 25. Ke2 b5 26. Rh1 b4 27. Bb2 a5 28. Nf1 h5 29. Nd2 Qe6 30. Ra1 Qg6 31. Qd1 Rfa7 32. Qg1 a4 33. Qh2 axb3 34. axb3 Ra2 35. Rxa2 Rxa2 36. Rb1 d5 37. cxd5 Qa6 38. Nc4 Nxc4 39. bxc4 Qa3 40. h4 Rxb2+ 41. Rxb2 Qxb2+ 0-1

[Event "Skopje op"]
[Site "Skopje"]
[Date "2011.03.19"]
[Round "1"]
[White "Simjanovski, Saso"]
[Black "Lazov, Toni"]
[Result "1-0"]
[WhiteElo "2253"]
[BlackElo "1693"]
[PlyCount "49"]
[EventDate "2011.03.19"]
[EventType "swiss"]
[EventRounds "9"]
[EventCountry "MKD"]
[SourceTitle "CBM 141 Extra"]
[Source "ChessBase"]
[SourceDate "2011.05.03"]
[SourceVersion "1"]
[SourceVersionDate "2011.05.03"]
[SourceQuality "1"]

1. Nf3 Nf6 2. g3 g6 3. b3 Bg7 4. Bb2 0-0 5. Bg2 d5 6. c4 e6 7. 0-0 c5 8. cxd5 exd5 9. d4 b6 10. Nc3 Bb7 11. dxc5 bxc5 12. Na4 c4 13. Ne5 cxb3 14. axb3 Na6 15. Nd3 Nd7 16. Bxg7 Kxg7 17. b4 Nb6 18. Nf4 Nxa4 19. Rxa4 Qb6 20. Bxd5 Rad8 21. Qa1+ Kg8 22. Bxb7 Qxb7 23. Rxa6 Qxb4 24. Rxa7 h5 25. Ne6 1-0